000 00677cab a2200205 4500
001 X3362
008 090401t1996 xxu||||| |||| 00| 0 eng d
035 _a(Sirsi) u29986
041 _aeng
245 _aChanges sought to Arbitration Bill
260 _c1996
350 _a0
490 _aCSM (Chartered Surveyor Monthly)
_v5(6) March 1996, 4(1)
520 _aOutlines aspects of the Arbitration Bill which the RICS wishes to see clarified.
650 _aARBITRATION BILL
650 _aLEGAL PROFESSIONAL PRIVILEGE
690 _aMANAGEMENT-DISPUTE AVOIDANCE, MANAGEMENT AND RESOLUTION-DISPUTE MANAGEMENT AND RESOLUTION-ARBITRATION
942 _n0
948 _c04/03/1997
999 _c20181
_d20181